000 00245nam a22000857a 4500
008 161108b xxu||||| |||| 00| 0 eng d
100 _91097
_aChatterjee s
245 _aA Revolutionary Scientist EINSTEIN and his ideas
260 _aNew Delhi
_bN B T
_c2007
999 _c3758
_d3758